Statistics for Name the Harry Potter Books Quiz

Click here to take the quiz!

General Stats

  • This quiz has been taken 176,021 times
    (19,972 since last reset)
  • The average score is 6 of 7

Answer Stats

# Published Harry Potter and the ... % Correct
11997Philosopher's Stone
93%
31999Prisoner of Azkaban
92%
21998Chamber of Secrets
92%
72007Deathly Hallows
90%
42000Goblet of Fire
90%
62005Half-Blood Prince
88%
52003Order of the Phoenix
84%

Score Distribution

Percentile by Number Answered

Percent of People with Each Score

Your Score History

You have not taken this quiz since the last reset